000 00775nam a2200241 a 4500
001 43691
003 BD-RjUL
005 20211209053734.0
008 160718s1973 bg ||||| |||| 001 0 ben d
020 _c: Tk. 9.00
035 _a(BD-RjUL)43809
040 _aBD-RjUL
_bben
_cBD-RjUL
041 _aben
082 _223
_a900
_bHAI 1973
100 1 _aহালিম, আবদুল
_9134250
245 1 0 _aইতিহাসের রূপরেখা /
_cআবদুল হালিম
250 _a২য় পরিবর্ধিত সং.
260 _aঢাকা :
_bএম আবদুল,
_c১৯৭৩
300 _a২০৪ পৃ. ;
_c২১ সেমি.
650 _aইতিহাস
_9134251
650 _aHistory
_9136556
942 _2ddc
_cBK
999 _c43691
_d43691